| 000 | 00842nam a22002177a 4500 | ||
|---|---|---|---|
| 003 | 0 | ||
| 005 | 20250115174153.0 | ||
| 008 | 250115b xxu||||| |||| 00| 0 eng d | ||
| 050 |
_aRC 552 _b.Si56 2024 |
||
| 100 | _aSiachua, Clobelle Marie A. | ||
| 245 |
_aCompassion fatigue and well being of selected firefighters _cClobelle Marie A. Siachua |
||
| 260 |
_aLas Pinas City _bSouthville International School and Colleges _c2024 |
||
| 300 |
_axi, 238 pages : _billustrations ; _c28cm. |
||
| 504 | _aIncludes bibliographical references and appendices. | ||
| 650 | _aCompassion fatigue—Psychological aspects. | ||
| 650 | _aFirefighters—Mental health. | ||
| 650 | _aStress (Psychology) in the workplace. | ||
| 650 | _aWell-being—Psychological aspects. | ||
| 650 | _aOccupational health—Psychological aspects. | ||
| 942 |
_2lcc _cTH |
||
| 999 |
_c366993 _d366993 |
||